000 00385nam a2200145Ia 4500
008 240729s9999 xx 000 0 und d
022 _a2059-7991
245 0 _aMethodological Innovations
260 _aUnited Kingdom
260 _bSAGE Publishing
650 _aSocial Sciences
856 _uhttps://doaj.org/toc/8195f589c8ee4c13b123c1638254e3f8
942 _2ddc
942 _cDOAJEJ
999 _c67686
_d67686
945 _a1
_bMadushi Gamage
_c1
_dMadushi Gamage